| 000 | 00767nam a2200205 a 4500 | ||
|---|---|---|---|
| 003 | 0 | ||
| 005 | 20250311132431.0 | ||
| 008 | 080728s19uu xx 00 eng d | ||
| 050 |
_aPGS HM 1106.K67 _b.J54 2008 |
||
| 100 | _aJeong, Eun Young. | ||
| 245 |
_aSocial interaction: practices of Koreans to other races / _cEun Young Jeong. |
||
| 260 |
_aLas PiƱas City, Philippines : _bSouthville International School and Colleges, _c2008. |
||
| 300 |
_a19 pages : _billustrations ; _c28 cm. |
||
| 504 | _aIncludes bibliographical references. | ||
| 650 |
_aIntercultural communication _vKorea. |
||
| 650 |
_aKoreans _vSocial life and customs. |
||
| 650 |
_aSocial interaction _vCross-cultural studies |
||
| 650 |
_aEthnic relations _vKorea. |
||
| 942 |
_2lcc _cPASS |
||
| 999 |
_c97970 _d97970 |
||